00772nam a2200241 a 4500001001300000003000900013005001700022008004100039020001000080082001900090100002800109245007900137260005900216300000900275500003500284505001000319650001900329700002800348902000800376942000700384952012200391999001700513nice12345678IN_TiNIC20260116015125.0070622s1994 kuwa grp 000 0 eng  ac10000a953.67067bGHU aGhunaim, Abdullah Yusuf aKuwait-Iraq Boundary DemarcationbHistorical Rights and International Will aKuwaitbCentre for Research and Studies on Kuwaic1994 a227p aincludes index and biblioraphy2 aIndex aKuwait-History1 aGhunaim, Abdullah Yusuf bSRS cBK 001040708StackRoom-aHMIbHMId2012-04-03g100.00l0o953.67067 GHUp11000037r2012-04-03v100.00w2007-06-22yBK c18399d18399